expert systems programming in turbo prolog / (Record no. 53889)

MARC details
000 -LEADER
fixed length control field 00440nam a2200145Ia 4500
005 - DATE AND TIME OF LATEST TRANSACTION
control field 20260430133750.0
008 - FIXED-LENGTH DATA ELEMENTS--GENERAL INFORMATION
fixed length control field 260429s9999||||xx |||||||||||||| ||und||
020 ## - INTERNATIONAL STANDARD BOOK NUMBER
International Standard Book Number 9780132958417
082 ## - DEWEY DECIMAL CLASSIFICATION NUMBER
Classification number 006.33
Item number MAR
100 ## - MAIN ENTRY--PERSONAL NAME
Personal name Marcellus, Daniel H.
245 #0 - TITLE STATEMENT
Title expert systems programming in turbo prolog /
Statement of responsibility, etc Daniel H. Marcellus
260 ## - PUBLICATION, DISTRIBUTION, ETC. (IMPRINT)
Place of publication, distribution, etc Englewood Cliffs, New Jersey, USA :
Name of publisher, distributor, etc Prentice Hall,
Date of publication, distribution, etc 1989.
300 ## - PHYSICAL DESCRIPTION
Extent x, 227 p.; hb
942 ## - ADDED ENTRY ELEMENTS (KOHA)
Koha item type Text Books
Holdings
Withdrawn status Lost status Damaged status Not for loan Home library Location Shelving location Date of Cataloging Source of acquisition Total Checkouts Full call number Barcode Date last seen Price effective from Koha item type
        CUTN Central Library CUTN Central Library Generalia 30/04/2026 Gratis   006.33 MAR 55877 30/04/2026 30/04/2026 Text Books